🎤Citation Kaaris - Statistiques

Statistiques générales
  • Ce quiz a Ă©tĂ© pris 90 fois
  • Le rĂ©sultat moyen est 11 sur 20
Statistiques - réponses
Hint Explanation Réponse % Correct
Mauvais garçon cherche une fille bien mais, bon garçon trouve que des tchoins. Tchoin ✅ Kaaris l’a dit
90%
J'n'ai qu'confiance qu'en mon Desert Eagle et en Zizou dans les arrĂŞts d'jeu
Kalash ✅ Kaaris l’a dit
90%
Ce monde avale et te digère, écoutes les balles siffler du 93 au Niger. Chargé ✅ Kaaris l’a dit
89%
Pour tailler la barbe, faut un sécateur. Se-vrak ✅ Kaaris l’a dit
84%
Si tu cherches le khaliss, c'est que tu cherches Kaaris. Nador ✅ Kaaris l’a dit
73%
La tectonique c’est pour les faibles. ❌ Faux
66%
Un brocoli peut te sauver la vie, mais moi je préfère le bœuf. ❌ Faux
62%
J’roule en char d’assaut dans un monde de trottinettes. ❌ Faux
62%
Mon flow est plus sale que tes chaussettes de sport. ❌ Faux
61%
J’suis venu casser des côtes, pas faire des stories. ❌ Faux
54%
Si ça s'est mal passé, c'est peut-être que j'le mérite, je n'suis pas parfait, j'ai mes propres limites. Le roi des ombres ✅ Kaaris l’a dit
54%
Le béton m’a vu naître, le bitume m’a élevé. ❌ Faux
46%
J’ai la barbe d’un bûcheron et la violence d’un pitbull affamé. ❌ Faux
46%
Même la mort me demande l’heure avant de venir. ❌ Faux
42%
J’ai grandi dans le noir, maintenant je brille comme une lame. ❌ Faux
41%
J’pèse plus lourd qu’un container rempli de testostérone. ❌ Faux
41%
Y’a pas de pitié dans la jungle, même Tarzan s’est fait fumer. ❌ Faux
39%
J’ai transformé la violence en parfum. Interview promo du parfum Or Noir ✅ Kaaris l’a dit
34%
Ne croyez rien de ce que vous entendez, et seulement la moitié de ce que vous voyez Citation d’Edgar Allan Poe repris par Kaaris ✅ Kaaris l’a dit
32%
Les compromis, ça n’existe pas. En interview ✅ Kaaris l’a dit
30%
Aucun quiz correspondant
Distribution des résultats
% des personnes avec chaque résultat
Percentile par nombre de réponses
Votre historique - résultats
Vous n’avez pas pris ce quiz